000 00881nam a2200229 i 4500
001 186562
003 ES-MaACL
005 20250716063339.0
008 161125s1943 fr |||| |dspa d
080 _a272-285.2(02)"16"
100 1 _aPascal, Blaise,
_d1623-1662
_989307
245 1 0 _aPensées /
_cBlaise Pascal ; edition critique établie, annotée et précédée d'une introduction par Zacharie Tourneur.
246 3 5 _aPensées de Pascal
260 _aParis :
_bÉditions de Cluny,
_c[1943]
300 _a2 v. (LXI, 206 p., 348 p.) ;
_c18 cm.
490 1 _aBibliotèque de Cluny ;
_v16, 17
650 0 4 _aApologética-
_vObras anteriores a 1800.
_99922
700 1 _aTourneur, Zacharie.
_9161376
830 0 _aBibliotèque de Cluny ;
_v16, 17
_9225430
852 _aES-MaACL
_jL-30914-15
_z. - Biblioteca Jacinto Martínez Lacalle
999 _c186562
_d186562